Wordt geladen...
REACTION MECHANISMS OF ORGANOMETALIC COMPOUNDS
| Hoofdauteur: | |
|---|---|
| Formaat: | Printed Book |
| Gepubliceerd in: |
AMSTERDAM
North HOLLAND PUBLICATIONS
1968
|
| Onderwerpen: |
| LEADER | 00617nam a2200181 4500 | ||
|---|---|---|---|
| 020 | |c 164 | ||
| 082 | |a 541.39 REU | ||
| 100 | |a REUTOV O A & BELETSKAYA I P | ||
| 245 | |a REACTION MECHANISMS OF ORGANOMETALIC COMPOUNDS |h ENGLISH | ||
| 250 | |||
| 260 | |a AMSTERDAM |b North HOLLAND PUBLICATIONS |c 1968 | ||
| 300 | |a 466 |f HB | ||
| 500 | |a | ||
| 590 | |d SHILLI 164 | ||
| 650 | |a REACTION MECHANISMS OF ORGANOMETALIC COMPOUNDS | ||
| 942 | |c BK | ||
| 999 | |c 119622 |d 119622 | ||
| 952 | |0 0 |1 0 |4 0 |6 541_390000000000000_REU |7 0 |9 133087 |a CHE |b CHE |g 164.00 |l 0 |o 541.39 REU |p CHE931 |r 2019-10-15 |w 2019-10-15 |y BK | ||